000 00697nam a2200229Ia 4500
003 OSt
005 20220918205537.0
006 a|||||r|||| 00| 0
007 ta
008 220917b |||||||| |||| 00| 0 eng d
024 _a116,961
037 _cTextual
040 _aARTS
_cARTS
_beng
041 _2eng
_aeng
082 _aV6317:71, G7 (906)
100 _aFouche Leo ed
_9115431
245 0 _aMapungubwe, ancient Bantu civilization on the Limpopo
_b reports on excavations at Mapungubwe (Northern Transvaal) from February 1933 to June 1935
260 _c1937
650 _aHISTORY
942 _hV6317:71, G7 (906)
_cTEXL
_2CC
999 _c240280
_d240280